| 000 | 02425cam a22003974i 4500 | ||
|---|---|---|---|
| 003 | PE-LiUPU | ||
| 005 | 20250731183430.0 | ||
| 008 | 150706s r 000 0 d | ||
| 035 | _a(Sirsi) a50280 | ||
| 040 |
_aPE-LiUPU _bspa _cPE-LiUPU _erda |
||
| 049 | _aPRUA | ||
| 082 | 0 | 4 |
_a720.986105 _bE78 _221 |
| 245 | 0 | 0 |
_aCasas de campo / _cSociedad Bolivariana de Arquitectos. |
| 264 | 1 |
_aBogotá : _bSociedad Bolivariana de Arquitectos, _c[1989]. |
|
| 300 |
_apag. varia : _bilustraciones ; _c34 cm. |
||
| 336 |
_atext _2rdacontent |
||
| 337 |
_aunmediated _2rdamedia |
||
| 338 |
_avolume _2rdacarrier |
||
| 490 | 0 |
_aPaquetes temáticos ; _v28 |
|
| 500 | _aISSN: 0120-6702 | ||
| 500 | _aLa Revista Escala publica monografías títuladas como : "Paquetes temáticos" cubre temas especificos, recopilados de los artículos publicados en la misma revista. | ||
| 504 | _aIncluye bibliografía. | ||
| 505 | 0 | _aGeneralidades -- Glosario técnico de construcción en tierra -- Arquitectura de tierra -- La tierra -Aliada -- El adobe -- Criterios de estructuración con adobe -- Fibras y barro -- Tecnologías apropiadas aplicadas a vivienda popular -- Tecnología apropiada para asentamientos humanos -- La arquitectura de la sábana de Bogota -- La arquitectura en la coyuntura de tecnología y el medio ambiente -- Confort ambiental -- Aplicación de sistemas pasivos de climatización en arquitectura -- Fichas técnicas para instalación de energia solar -- Proyectos -- Auto construcción en bloques -- Ejemplos de vivienda en tierra -- Colombia -- Esterior -- Ejemplos de casa bioclimática -- Colombia -- Exterior -- Ejemplos de casas de campo -- Colombia -- Exterior -- Arquitectura de hoy en medio ambiente y confort -- Arquitectura de hoy en casas de campo -- Artículos complementarios -- Iluminación -- Laboratorios -- Entrevistas -- Diálogos con escala. | |
| 526 | _aP158 | ||
| 526 | _aP146 | ||
| 526 | _aP17 | ||
| 526 | _aP12 | ||
| 526 | _aP06 | ||
| 650 | 1 | 4 |
_aArquitectura colombiana _vPublicaciones seriadas. |
| 650 | 2 | 4 |
_aArquitectura _xDiseños y planos _vPublicaciones seriadas. |
| 910 | _agl | ||
| 942 |
_2ddc _cBOOK |
||
| 949 |
_a720.986105 E78 28 _wDEWEY _c1 _i63809 _lCCODEBUL1 _mBUL _p63.00 _r0 _sY _tLIBRO _u2015-07-06 _xINGENIERIA _o.STAFF. Colección General |
||
| 980 |
_81 _gALBERTO SANCHEZ Responsable de Automatización |
||
| 999 |
_c52701 _d52701 |
||